भारत-भारती / (Record no. 12037)

MARC details
000 -LEADER
fixed length control field 01235 a2200241 4500
005 - DATE AND TIME OF LATEST TRANSACTION
control field 20080827142437.0
008 - FIXED-LENGTH DATA ELEMENTS--GENERAL INFORMATION
fixed length control field 080827t xxu||||| |||| 00| 0 hin d
010 ## - LIBRARY OF CONGRESS CONTROL NUMBER
LC control number HIN-83285
020 ## - INTERNATIONAL STANDARD BOOK NUMBER
Terms of availability 150.00
International Standard Book Number 9788180312090
035 ## - SYSTEM CONTROL NUMBER
System control number HN-55631
037 ## - SOURCE OF ACQUISITION
Source of stock number/acquisition पु.प्र.अ.प्र/वितरक
082 ## - DEWEY DECIMAL CLASSIFICATION NUMBER
Classification number 821
100 ## - MAIN ENTRY--PERSONAL NAME
Personal name गुप्त, मैथिलीशरण
245 ## - TITLE STATEMENT
Title भारत-भारती /
Statement of responsibility, etc मैथिलीशरण गुप्त
246 ## - VARYING FORM OF TITLE
Title proper/short title Bharat Bharti
Remainder of title by Maithilisharan Gupt
260 ## - PUBLICATION, DISTRIBUTION, ETC. (IMPRINT)
Place of publication, distribution, etc झाँसी
Name of publisher, distributor, etc साहित्य सदन
Date of publication, distribution, etc 2007
260 ## - PUBLICATION, DISTRIBUTION, ETC. (IMPRINT)
Place of publication, distribution, etc इलाहाबाद
Name of publisher, distributor, etc लोकभारती प्रकाशन (वितरक)
270 ## - ADDRESS
Address साहित्य सदन
City झाँसी
270 ## - ADDRESS
Address दरबारी बिल्डिंग, महात्मा गांधी मार्ग
City इलाहाबाद
300 ## - PHYSICAL DESCRIPTION
Extent 112पृ
Dimensions 18सेमी (सजिल्द)
942 ## - ADDED ENTRY ELEMENTS (KOHA)
Institution code [OBSOLETE] dpl
Koha item type Hindi Books
Call number prefix 821 / गुप्तमै
Source of classification or shelving scheme Dewey Decimal Classification
Classification part 821
Call number suffix गुप्तमै
Holdings
Withdrawn status Lost status Damaged status Not for loan Home library Current library Date acquired Cost, normal purchase price Total Checkouts Full call number Barcode Date last seen Copy number Uniform Resource Identifier Cost, replacement price Price effective from Koha item type
        D.B.Act.Division D.B.Act.Division   150.00   821 गुप्तमै HN-55631 15/09/2008 1 13172 150.00 15/09/2008 Hindi Books

© Delhi Public Library
Hit Counter
free hit counter